[Event "Oberliga Ost-B 2223"]
[Site "Germany"]
[Date "2022.11.27"]
[Round "5.8"]
[White "Kaiser, Richard1"]
[Black "Pichl, Michael"]
[Result "1-0"]
[WhiteElo "2108"]
[BlackElo "1792"]
[PlyCount "71"]
[EventDate "2022.09.18"]
[EventType "team-tourn"]
[EventRounds "11"]
[EventCountry "GER"]
[SourceTitle "EXT 2025"]
[Source "ChessBase"]
[SourceDate "2024.10.14"]
[SourceVersion "1"]
[SourceVersionDate "2024.10.14"]
[SourceQuality "1"]
[WhiteTeam "Bad Homburg"]
[BlackTeam "Erfurt Empor"]
[WhiteTeamCountry "GER"]
[BlackTeamCountry "GER"]

1. e4 g6 2. d4 Bg7 3. Nc3 d6 4. Nf3 Nd7 5. Be2 c5 6. 0-0 cxd4 7. Nxd4 a6 8. a4 Ngf6 9. Re1 0-0 10. Bf1 Nc5 11. h3 Bd7 12. g3 e5 13. Nb3 Nxb3 14. cxb3 Bc6 15. Bg2 Ne8 16. Be3 f5 17. Nd5 f4 18. gxf4 exf4 19. Nxf4 Qh4 20. Ne6 Qe7 21. Nxf8 Bxf8 22. Bd4 Nf6 23. e5 Nh5 24. Bxc6 bxc6 25. exd6 Qxd6 26. Be5 Qb4 27. Qd3 Nf4 28. Bxf4 Qxf4 29. Re4 Qf6 30. Qc4+ Kh8 31. Qc3 Bg7 32. Qxf6 Bxf6 33. Rc1 Rb8 34. Rxc6 Bxb2 35. Rxa6 Ba3 36. Ra7 1-0

[Event "Rhein Main op-A 24th"]
[Site "Bad Homburg"]
[Date "2022.06.17"]
[Round "4"]
[White "Pichl, Michael"]
[Black "Hipler, Andreas"]
[Result "0-1"]
[WhiteElo "1917"]
[BlackElo "1802"]
[PlyCount "96"]
[EventDate "2022.06.15"]
[EventType "swiss"]
[EventRounds "7"]
[EventCountry "GER"]
[SourceTitle "EXT 2023"]
[Source "ChessBase"]
[SourceDate "2022.10.05"]
[SourceVersion "1"]
[SourceVersionDate "2022.10.05"]
[SourceQuality "1"]

1. g3 e5 2. Bg2 Nc6 3. c4 f5 4. a3 a5 5. Nc3 Nf6 6. e3 Bc5 7. Nge2 e4 8. d3 exd3 9. Qxd3 d6 10. 0-0 Ne5 11. Qc2 0-0 12. b3 c6 13. Bb2 Qc7 14. Rfd1 Be6 15. Na4 Ba7 16. Nd4 Qd7 17. c5 d5 18. Bc3 Neg4 19. h3 Nh6 20. Bxa5 Ne4 21. Nb6 Bxb6 22. Bxb6 g5 23. b4 f4 24. g4 fxe3 25. f3 Nd2 26. Re1 Nc4 27. Qd3 Bf7 28. Rxe3 Nxe3 29. Qxe3 Bg6 30. Qxg5 Qg7 31. Qd2 Rae8 32. Rf1 Re7 33. f4 Be4 34. f5 Bxg2 35. Kxg2 Nxg4 36. Kh1 Qh6 37. Qxh6 Nxh6 38. b5 cxb5 39. c6 bxc6 40. Rg1+ Kf7 41. Bc5 Re3 42. Bxf8 Kxf8 43. Ne6+ Kf7 44. Ng5+ Kf6 45. Nxh7+ Kxf5 46. Rg5+ Kf4 47. Rh5 Nf5 48. Nf8 Ng3+ 0-1

[Event "Rhein Main op-A 22nd"]
[Site "Bad Homburg"]
[Date "2019.06.19"]
[Round "1"]
[White "Keller, Peter1"]
[Black "Pichl, Michael"]
[Result "1-0"]
[WhiteElo "2237"]
[BlackElo "2007"]
[PlyCount "35"]
[EventDate "2019.06.19"]
[EventType "swiss"]
[EventRounds "9"]
[EventCountry "GER"]
[SourceTitle "EXT 2020"]
[Source "ChessBase"]
[SourceDate "2019.10.17"]
[SourceVersion "1"]
[SourceVersionDate "2019.10.17"]
[SourceQuality "1"]

1. e4 c5 2. Nf3 g6 3. d4 Bg7 4. dxc5 Qa5+ 5. c3 Qxc5 6. Na3 d6 7. Be3 Qa5 8. Nc4 Qc7 9. Bd4 Bxd4 10. cxd4 d5 11. exd5 Nf6 12. Rc1 0-0 13. Qd2 Kg7 14. h4 Bf5 15. h5 gxh5 16. Ne3 Qf4 17. Nh4 Bg6 18. Nef5+ 1-0

[Event "Rhein Main op-A 21st"]
[Site "Bad Homburg"]
[Date "2018.06.03"]
[Round "7"]
[White "Deppe, Leo Max"]
[Black "Pichl, Michael"]
[Result "0-1"]
[WhiteElo "1812"]
[BlackElo "2064"]
[PlyCount "82"]
[EventDate "2018.05.30"]
[EventType "swiss"]
[EventRounds "7"]
[EventCountry "GER"]
[SourceTitle "EXT 2019"]
[Source "ChessBase"]
[SourceDate "2018.10.10"]
[SourceVersion "1"]
[SourceVersionDate "2018.10.10"]
[SourceQuality "1"]

1. e4 g6 2. d4 Bg7 3. c4 c6 4. Nc3 d5 5. cxd5 cxd5 6. Nxd5 e6 7. Bb5+ Bd7 8. Bxd7+ Qxd7 9. Ne3 Ne7 10. Nf3 Nbc6 11. Nc2 Rd8 12. Be3 0-0 13. 0-0 f5 14. e5 h6 15. Qe2 g5 16. Rad1 Nd5 17. a3 Qf7 18. h3 Qg6 19. Bc1 Kh7 20. Rd3 Rf7 21. Re1 Rg8 22. Nh2 h5 23. g4 Nf4 24. Bxf4 gxf4 25. f3 Bf8 26. Kg2 Ne7 27. Rg1 Nd5 28. Kf1 Be7 29. Rb3 Bh4 30. Rg2 Rc7 31. Kg1 b6 32. Qd3 Rgc8 33. Nf1 fxg4 34. Qxg6+ Kxg6 35. Nb4 Nxb4 36. Rxb4 g3 37. d5 Kf5 38. d6 Rc1 39. Re2 Rd1 40. Rd2 Rb1 41. Rbd4 Rcc1 0-1

[Event "Rhein Main op-A 21st"]
[Site "Bad Homburg"]
[Date "2018.05.31"]
[Round "2"]
[White "Pichl, Michael"]
[Black "Stork, Oliver"]
[Result "0-1"]
[WhiteElo "2064"]
[BlackElo "2157"]
[PlyCount "116"]
[EventDate "2018.05.30"]
[EventType "swiss"]
[EventRounds "7"]
[EventCountry "GER"]
[SourceTitle "EXT 2019"]
[Source "ChessBase"]
[SourceDate "2018.10.10"]
[SourceVersion "1"]
[SourceVersionDate "2018.10.10"]
[SourceQuality "1"]

1. g3 Nf6 2. Bg2 d5 3. Nf3 e6 4. 0-0 Be7 5. d3 0-0 6. Nbd2 c5 7. e4 Nc6 8. Re1 Qc7 9. e5 Nd7 10. Qe2 b6 11. Nf1 a5 12. Bf4 Ba6 13. c3 b5 14. h4 Rab8 15. N1h2 b4 16. Bf1 a4 17. c4 dxc4 18. dxc4 Rfd8 19. h5 Nb6 20. Rac1 b3 21. axb3 axb3 22. h6 g6 23. Qe3 Nd4 24. Bd3 Nc2 25. Rxc2 bxc2 26. b3 Bb7 27. Bxc2 Ra8 28. Bg5 Re8 29. Bxe7 Qxe7 30. Ng4 Nd7 31. Rd1 Rad8 32. Re1 Bxf3 33. Qxf3 Rf8 34. Qe3 f6 35. exf6 Nxf6 36. Ne5 Qd6 37. Bxg6 Qd2 38. Qxd2 Rxd2 39. Bd3 Rb8 40. Rb1 Rb6 41. Kf1 Rd6 42. Be2 Ra2 43. b4 Rdd2 44. bxc5 Kf8 45. Re1 Ke7 46. g4 Ne4 47. Nc6+ Kf6 48. Nb4 Ra4 49. Nd3 Rxc4 50. Nc1 Rc3 51. Nd3 Nxc5 52. Nxc5 Rxc5 53. f4 Rd4 54. g5+ Kg6 55. Bd3+ Rxd3 56. Rxe6+ Kf5 57. Rf6+ Ke4 58. g6 Kf3 0-1

[Event "Oberliga Ost-B 1718"]
[Site "Germany"]
[Date "2018.04.15"]
[Round "11.8"]
[White "Pichl, Michael"]
[Black "Rolf, Marco"]
[Result "0-1"]
[WhiteElo "2049"]
[BlackElo "2082"]
[PlyCount "102"]
[EventDate "2017.10.22"]
[EventType "team-tourn"]
[EventRounds "11"]
[EventCountry "GER"]
[SourceTitle "EXT 2019"]
[Source "ChessBase"]
[SourceDate "2018.10.10"]
[SourceVersion "1"]
[SourceVersionDate "2018.10.10"]
[SourceQuality "1"]
[WhiteTeam "Erfurt Empor"]
[BlackTeam "Gernsheim"]
[WhiteTeamCountry "GER"]
[BlackTeamCountry "GER"]

1. g3 d5 2. Bg2 Nf6 3. Nf3 c6 4. 0-0 Bf5 5. d3 e6 6. Nbd2 Be7 7. c4 0-0 8. Qc2 h6 9. Rb1 a5 10. b3 Na6 11. a3 Rc8 12. Bb2 Bh7 13. Bxf6 Bxf6 14. b4 axb4 15. axb4 Qe7 16. b5 Nb4 17. Qb3 c5 18. Ne1 Rfd8 19. Nc2 dxc4 20. Nxc4 Nxc2 21. Qxc2 Rd4 22. Rb3 Rcd8 23. Ra3 e5 24. Ra7 e4 25. dxe4 Bxe4 26. Bxe4 Qxe4 27. Qxe4 Rxe4 28. Rc1 Rdd4 29. Na5 b6 30. Nc6 Rd2 31. Rb7 Rexe2 32. Rf1 c4 33. Rxb6 c3 34. Rb8+ Kh7 35. b6 c2 36. b7 Rxf2 37. Rc1 Rfe2 38. Kf1 Rxh2 39. Kg1 Rhe2 40. Kf1 Rh2 41. Kg1 Bg5 42. Re8 Rdg2+ 43. Kf1 Rf2+ 44. Kg1 Rfg2+ 45. Kf1 Bxc1 46. b8Q Rf2+ 47. Kg1 Be3 48. Rh8+ Kg6 49. Ne5+ Kh5 50. g4+ Kh4 51. Ng6+ Kh3 0-1

[Event "Eschborn op"]
[Site "Eschborn"]
[Date "2017.10.14"]
[Round "2"]
[White "Weiland, Thomas"]
[Black "Pichl, Michael"]
[Result "0-1"]
[WhiteElo "1725"]
[BlackElo "1941"]
[PlyCount "62"]
[EventDate "2017.10.13"]
[EventType "swiss"]
[EventRounds "5"]
[EventCountry "GER"]
[SourceTitle "EXT 2019"]
[Source "ChessBase"]
[SourceDate "2018.10.10"]
[SourceVersion "1"]
[SourceVersionDate "2018.10.10"]
[SourceQuality "1"]

1. e4 g6 2. d4 Bg7 3. Nf3 c5 4. c3 cxd4 5. Nxd4 d6 6. Be3 Nf6 7. Bb5+ Nbd7 8. f3 0-0 9. Na3 a6 10. Be2 d5 11. exd5 Nxd5 12. Bf2 Nf4 13. 0-0 e5 14. Nb3 Qg5 15. Bg3 h5 16. Bxf4 Qxf4 17. Qc1 Qf6 18. Qe3 Kh7 19. Rad1 Bh6 20. Qf2 Re8 21. Nc4 Re6 22. Nbd2 Qe7 23. Bd3 f5 24. Bb1 b6 25. Rfe1 Bb7 26. Nf1 Re8 27. Nfe3 Nf6 28. Nxf5 gxf5 29. Bxf5+ Kh8 30. Bxe6 Qxe6 31. Qh4 Rg8 0-1

[Event "Oberliga Ost-B 1617"]
[Site "Germany"]
[Date "2017.02.18"]
[Round "6.8"]
[White "Pichl, Michael"]
[Black "Korte, Mario"]
[Result "1/2-1/2"]
[WhiteElo "2055"]
[BlackElo "1979"]
[PlyCount "93"]
[EventDate "2016.10.16"]
[EventType "team-tourn"]
[EventRounds "11"]
[EventCountry "GER"]
[SourceTitle "EXT 2018"]
[Source "ChessBase"]
[SourceDate "2017.10.13"]
[SourceVersion "1"]
[SourceVersionDate "2017.10.13"]
[SourceQuality "1"]
[WhiteTeam "Erfurt Empor"]
[BlackTeam "Sangerhausen"]
[WhiteTeamCountry "GER"]
[BlackTeamCountry "GER"]

1. g3 d5 2. Bg2 Nf6 3. Nf3 c5 4. 0-0 e6 5. d3 Nc6 6. Nbd2 Be7 7. e4 b6 8. Re1 Bb7 9. a3 0-0 10. e5 Nd7 11. Nf1 Re8 12. h4 f6 13. exf6 Bxf6 14. c3 Nf8 15. N1h2 Qc7 16. Ng4 Be7 17. Bf4 Bd6 18. Bxd6 Qxd6 19. Nge5 Nd7 20. d4 Ncxe5 21. Nxe5 Nxe5 22. Rxe5 Rad8 23. Qe2 Re7 24. Re1 Rde8 25. Bh3 Bc8 26. Qe3 c4 27. Bg4 Bd7 28. Bd1 b5 29. Bc2 Rf8 30. Qg5 Ref7 31. R1e2 Rf6 32. Qg4 a5 33. f4 R8f7 34. Rf2 b4 35. axb4 axb4 36. Qe2 Rf8 37. Rh5 h6 38. Re5 Ra8 39. g4 Raf8 40. Qe3 b3 41. Bb1 Ra8 42. g5 Rff8 43. gxh6 gxh6 44. Kh2 Rf6 45. Qg3+ Kh8 46. Rg2 Qf8 47. Rf2 1/2-1/2

[Event "Rhein Main op-A 18th"]
[Site "Bad Homburg"]
[Date "2015.06.07"]
[Round "7"]
[White "Kaiser, Richard1"]
[Black "Pichl, Michael"]
[Result "1-0"]
[WhiteElo "2167"]
[BlackElo "2036"]
[PlyCount "79"]
[EventDate "2015.06.03"]
[EventType "swiss"]
[EventRounds "7"]
[EventCountry "GER"]
[SourceTitle "CBM 167 Extra"]
[Source "ChessBase"]
[SourceDate "2015.09.14"]
[SourceVersion "1"]
[SourceVersionDate "2015.09.14"]
[SourceQuality "1"]

1. e4 g6 2. d4 Bg7 3. Nc3 d6 4. f4 Na6 5. Nf3 c5 6. Bxa6 bxa6 7. dxc5 dxc5 8. Qxd8+ Kxd8 9. Ne5 Ke8 10. Be3 Bb7 11. Bxc5 Nf6 12. 0-0-0 Nxe4 13. Nxe4 Bxe4 14. Rhe1 f5 15. Rd7 Bf6 16. Red1 Rc8 17. b4 a5 18. a3 axb4 19. axb4 a5 20. c3 axb4 21. cxb4 Bxg2 22. Ra7 Bc6 23. Kc2 Be4+ 24. Kb3 e6 25. Rdd7 Bd5+ 26. Kc3 Ra8 27. Re7+ Kd8 28. Bb6+ Kc8 29. Rac7+ Kb8 30. Rxh7 Ra3+ 31. Kd4 Rxh7 32. Rxh7 Rf3 33. Kc5 Rxf4 34. Nd7+ Ka8 35. Nxf6 Rc4+ 36. Kb5 Rc8 37. Nxd5 exd5 38. Rd7 Rh8 39. Kc6 Rc8+ 40. Bc7 1-0

[Event "Forchheim op-A 13th"]
[Site "Forchheim"]
[Date "2014.10.05"]
[Round "5"]
[White "Pichl, Michael"]
[Black "Schulz, Lukas"]
[Result "0-1"]
[WhiteElo "2037"]
[BlackElo "2000"]
[PlyCount "48"]
[EventDate "2014.10.03"]
[EventType "swiss"]
[EventRounds "5"]
[EventCountry "GER"]
[SourceTitle "EXT 2019"]
[Source "ChessBase"]
[SourceDate "2018.10.10"]
[SourceVersion "1"]
[SourceVersionDate "2018.10.10"]
[SourceQuality "1"]

1. g3 e5 2. Bg2 d5 3. c4 c6 4. Qa4 dxc4 5. Qxc4 Nf6 6. Nf3 e4 7. Ng5 Qd5 8. d3 Qxc4 9. dxc4 Bf5 10. Nc3 Bb4 11. Bd2 Bxc3 12. Bxc3 Nbd7 13. 0-0 0-0 14. Rfd1 Rfe8 15. Rd4 h6 16. Nh3 Nc5 17. Nf4 Na4 18. Rc1 Nxc3 19. Rxc3 g5 20. Nh3 Rad8 21. Rxd8 Rxd8 22. f3 Rd4 23. Kf1 exf3 24. Rxf3 Ng4 0-1